000 00504nam a2200181Ia 4500
999 _c14001
_d14001
003 OSt
005 20201020101654.0
008 190216s9999||||xx |||||||||||||| ||und||
020 _a9780099482215
040 _coclc
082 _a158.2
_bMOR/I
100 _aMorris, Desmond
_95952
245 0 _aIntimate Behaviour /
_cDesmond Morris
260 _bVintage Books ,
_c1994.
_aLondon:
300 _a178p
650 _aEnglish General
942 _cBK
_2ddc
_h158.2
_iMOR/I
_k158.2
_mMOR/I